00305nam a2200109Ia 4500008004100000041000800041100002900049245005100078260004000129365000700169999001900176231011s9999 xx 000 0 und d aeng aOwler L.W.J. Brown. J.K. aWheldons,s Cost Accounting and Costing Methods bEnglish Language B.Agency. Londen - b52 c883092d883092